000 00294nam a22001337a 4500
008 210518b ||||| |||| 00| 0 eng d
041 _aeng
080 _a572
082 _a572
100 _a24
101 _aANT
245 _aThe History of Ethnological Theory
_cLowie,R.H
942 _2udc
_cBK
999 _c57430
_d57430